000 00416nam a2200181Ia 4500
001 7769
005 20260306160519.0
008 260306t2004||||xx |||||||||||||| ||spa||
041 _aESP
082 _a361.7634
_bC92
100 _aCruz Roja Peruana
_eAUT
245 0 _aUna idea, una acción
260 _c2004
300 _a412 páginas :
_c24 cm.
650 _aGEN
654 _aCAN
942 _cLIB
_dJUS
_fJUS
_2ddc
_n
999 _c7769
_d7769